特急「スーパーおき」の停車駅 - Statistics

General Stats
  • This quiz has been taken 133 times
  • The average score is 18 of 23
Answer Stats
停車駅 % Correct
松江
99%
鳥取
98%
米子
97%
出雲市
97%
倉吉
92%
益田
92%
山口
92%
浜田
91%
宍道
90%
新山口
90%
安来
88%
江津
86%
津和野
85%
大田市
80%
鳥取大学前
79%
玉造温泉
77%
湯田温泉
72%
温泉津
60%
三保三隅
52%
日原
42%
波子
37%
徳佐
37%
三谷
26%
No matching quizzes found
Score Distribution
Percent of People with Each Score
Percentile by Number Answered
Your Score History
You have not taken this quiz